[Event "Women's Speed Chess Q6"]
[Site "chess.com INT"]
[Date "2021.06.05"]
[Round "10"]
[White "Kabanova, Ekaterina"]
[Black "Soumya, Swaminathan"]
[Result "1-0"]
[WhiteTitle "WFM"]
[BlackTitle "IM"]
[WhiteElo "2138"]
[BlackElo "2351"]
[WhiteFideId "24112917"]
[BlackFideId "5016193"]
[EventDate "2021.06.05"]

1. c4 Nf6 2. e3 g6 3. Be2 Bg7 4. h4 h5 5. Nc3 d6 6. Nf3 O-O 7. Qc2 e5 8. Ng5 Nc6
9. a3 Bf5 10. d3 Re8 11. Nd5 Nxd5 12. cxd5 Ne7 13. e4 Bd7 14. Bd2 c6 15. dxc6
Nxc6 16. Be3 Qe7 17. Qb3 b6 18. Rc1 Rac8 19. O-O Na5 20. Qd5 Bc6 21. Qa2 Bb5 22.
b4 Nb7 23. Qd5 a6 24. f4 exf4 25. Rxf4 Rxc1+ 26. Bxc1 Rf8 27. Bd1 Be5 28. Rf3
Nd8 29. Bb3 Bc6 30. Qc4 b5 31. Qc2 Bd4+ 32. Kf1 Qb7 33. Qa2 Kg7 34. Bb2 Bxb2 35.
Qxb2+ f6 36. Nh3 1-0

[Event "Women's Speed Chess Q6"]
[Site "chess.com INT"]
[Date "2021.06.05"]
[Round "10"]
[White "Maklakova, Nellija"]
[Black "Grineva, Marianna"]
[Result "0-1"]
[BlackTitle "WFM"]
[WhiteElo "1828"]
[BlackElo "2029"]
[WhiteFideId "11603470"]
[BlackFideId "14102013"]
[EventDate "2021.06.05"]

1. e4 c5 2. Nf3 Nc6 3. Nc3 g6 4. d4 cxd4 5. Nxd4 Bg7 6. Nxc6 bxc6 7. Be2 d6 8.
O-O e5 9. f4 Qb6+ 10. Kh1 Ne7 11. Qxd6 exf4 12. Rxf4 Be6 13. Rf1 Rd8 14. Qg3 O-O
15. Bg5 Rd7 16. Rad1 Rfd8 17. Rxd7 Rxd7 18. h4 Qxb2 19. Rb1 Qxb1+ 20. Nxb1 Nc8
21. h5 Bxa2 22. Nc3 Be6 23. hxg6 hxg6 24. e5 Rd4 25. Bf3 Rc4 26. Ne4 Rxc2 27.
Nf6+ Kf8 28. Qh4 Rc4 29. Qh7 Ne7 30. Bh6 Rh4+ 31. Kg1 Rxh6 32. Nd7+ Bxd7 0-1

[Event "Women's Speed Chess Q6"]
[Site "chess.com INT"]
[Date "2021.06.05"]
[Round "10"]
[White "Starosta, Martyna"]
[Black "Buksa, Nataliya"]
[Result "0-1"]
[WhiteTitle "WCM"]
[BlackTitle "IM"]
[WhiteElo "1910"]
[BlackElo "2413"]
[WhiteFideId "21818754"]
[BlackFideId "14123622"]
[EventDate "2021.06.05"]

1. e4 c5 2. Nf3 Nc6 3. d4 cxd4 4. Nxd4 Nf6 5. Nc3 e5 6. Ndb5 d6 7. Nd5 Nxd5 8.
exd5 Nb8 9. a4 Be7 10. Be2 O-O 11. O-O f5 12. f4 Nd7 13. Kh1 a6 14. Na3 exf4 15.
Bxf4 Ne5 16. Bxe5 dxe5 17. Nc4 Bd6 18. a5 Rb8 19. c3 Qf6 20. b4 Bd7 21. Rb1 Bb5
22. Nxd6 Qxd6 23. c4 Bd7 24. c5 Qg6 25. Rc1 f4 26. Bd3 e4 27. Bb1 Rbe8 28. Qd4
Kh8 29. Rfe1 f3 30. gxf3 Bf5 31. Bxe4 Bxe4 32. Rxe4 Qh6 33. Rf1 Rd8 34. d6 Qh3
35. Rfe1 Qxf3+ 36. Kg1 h6 37. Re7 Rf6 38. Re8+ Kh7 39. Rxd8 Rg6+ 40. Qg4 Rxg4# 0-1

[Event "Women's Speed Chess Q6"]
[Site "chess.com INT"]
[Date "2021.06.05"]
[Round "10"]
[White "Linares Napoles, Oleiny"]
[Black "Obregon Garcia, Roxangel"]
[Result "1-0"]
[WhiteTitle "WGM"]
[BlackTitle "WIM"]
[WhiteElo "2255"]
[BlackElo "2167"]
[WhiteFideId "3504794"]
[BlackFideId "3520420"]
[EventDate "2021.06.05"]

1. d4 d5 2. Bf4 Nf6 3. e3 c5 4. c3 Nc6 5. Nd2 cxd4 6. exd4 Bf5 7. Qb3 Qc8 8.
Ngf3 e6 9. h3 Be7 10. Be2 O-O 11. O-O h6 12. Rfe1 a6 13. Qd1 b5 14. a3 Rd8 15.
Ne5 Nxe5 16. Bxe5 Qb7 17. g4 Bg6 18. h4 Nd7 19. Bg3 Rac8 20. Nf3 a5 21. Bd3 Bxd3
22. Qxd3 b4 23. cxb4 axb4 24. a4 b3 25. Re2 Rc4 26. g5 hxg5 27. hxg5 g6 28. Re3
Rdc8 29. Qxb3 Rc1+ 30. Rxc1 Rxc1+ 31. Kg2 Qa6 32. Qb5 Qa7 33. Rc3 Rxc3 34. bxc3
Kg7 35. a5 Nb8 36. Bxb8 Qa8 37. Be5+ 1-0

[Event "Women's Speed Chess Q6"]
[Site "chess.com INT"]
[Date "2021.06.05"]
[Round "10"]
[White "Mohota, Nisha"]
[Black "Koridze, Lile"]
[Result "1-0"]
[WhiteTitle "IM"]
[BlackTitle "WFM"]
[WhiteElo "2195"]
[BlackElo "2016"]
[WhiteFideId "5004330"]
[BlackFideId "13612514"]
[EventDate "2021.06.05"]

1. b3 d5 2. Bb2 c5 3. e3 Nc6 4. f4 Nf6 5. Bb5 e6 6. Bxc6+ bxc6 7. Nf3 Be7 8. O-O
O-O 9. d3 Ba6 10. Nbd2 Rb8 11. Ne5 Qc7 12. Qe1 Rfd8 13. Qg3 c4 14. dxc4 dxc4 15.
Ndxc4 Ne4 16. Qg4 Nf6 17. Qh3 Ne4 18. Qh5 Bc5 19. Rf3 Nf6 20. Qh4 Ne4 21. Rh3 h6
22. Qg4 Nf6 23. Qf3 Nd5 24. Rg3 f6 25. Nd3 Bxc4 26. Nxc5 Qe7 27. Ne4 Bb5 28. c4 1-0

[Event "Women's Speed Chess Q6"]
[Site "chess.com INT"]
[Date "2021.06.05"]
[Round "10"]
[White "Vo, Thi Kim Phung"]
[Black "Kotepalli, Sai Nirupama"]
[Result "0-1"]
[WhiteTitle "WGM"]
[BlackTitle "WFM"]
[WhiteElo "2335"]
[BlackElo "1914"]
[WhiteFideId "12401838"]
[BlackFideId "5039444"]
[EventDate "2021.06.05"]

1. d4 g6 2. c4 Bg7 3. Nc3 e6 4. e4 Ne7 5. Be2 d5 6. cxd5 exd5 7. e5 O-O 8. h3 c5
9. f4 cxd4 10. Qxd4 Nbc6 11. Qd1 f6 12. exf6 Bxf6 13. Nf3 Be6 14. O-O Nf5 15.
Bd3 Qb6+ 16. Kh2 Ne3 17. Bxe3 Qxe3 18. Qd2 Qxd2 19. Nxd2 Rad8 20. Rae1 Rfe8 21.
Nb3 d4 22. Ne4 Bg7 23. Nbc5 Bxa2 24. Nxb7 Rb8 25. Nbd6 Re7 26. Re2 Bd5 27. Rfe1
Nb4 28. Bc4 Bxc4 29. Nxc4 d3 30. Rd2 Re6 31. Re3 Rbe8 32. Ned6 Rxe3 33. Nxe8
Rxe8 34. Rd1 Re4 35. Nd6 Rxf4 36. Rc1 Be5 37. Rc8+ Kg7 0-1

[Event "Women's Speed Chess Q6"]
[Site "chess.com INT"]
[Date "2021.06.05"]
[Round "10"]
[White "Sikorova, Olga"]
[Black "Chu, Ruotong"]
[Result "0-1"]
[WhiteTitle "WGM"]
[BlackTitle "WIM"]
[WhiteElo "2215"]
[BlackElo "2207"]
[WhiteFideId "307033"]
[BlackFideId "8605653"]
[EventDate "2021.06.05"]

1. c4 c5 2. g3 Nc6 3. Bg2 g6 4. Nc3 Bg7 5. a3 e5 6. Rb1 Nge7 7. b4 cxb4 8. axb4
d6 9. Nf3 O-O 10. O-O Nd4 11. e3 Nxf3+ 12. Qxf3 Bf5 13. e4 Be6 14. d3 Nc6 15.
Be3 Qd7 16. Rfc1 Bg4 17. b5 Bxf3 18. bxc6 bxc6 19. Bxf3 Rab8 20. c5 Rxb1 21.
Rxb1 dxc5 22. Bxc5 Rc8 23. Be2 Bf8 24. Be3 a5 25. Na4 c5 26. Nb6 Qb7 27. Bd2 a4
28. Bd1 Rc6 29. Ba5 a3 30. Ba4 a2 31. Ra1 Rxb6 32. Rxa2 Ra6 33. Be8 0-1

[Event "Women's Speed Chess Q6"]
[Site "chess.com INT"]
[Date "2021.06.05"]
[Round "10"]
[White "Cori T., Deysi"]
[Black "Antolak, Julia"]
[Result "1-0"]
[WhiteTitle "WGM"]
[BlackTitle "WIM"]
[WhiteElo "2388"]
[BlackElo "2309"]
[WhiteFideId "3801934"]
[BlackFideId "1159569"]
[EventDate "2021.06.05"]

1. d4 Nf6 2. Nf3 g6 3. g3 Bg7 4. Bg2 d6 5. O-O O-O 6. b3 c6 7. Bb2 Qa5 8. Nbd2
Qh5 9. e4 Bg4 10. e5 Nfd7 11. exd6 exd6 12. Nc4 d5 13. Ne3 Be6 14. h4 f5 15. Ng5
Qxd1 16. Raxd1 Bf7 17. c4 dxc4 18. Nxf7 Rxf7 19. Nxc4 Nb6 20. Na5 Na6 21. Rfe1
Rd8 22. a3 Rfd7 23. Bf3 h6 24. h5 g5 25. Be2 Nb8 26. Bd3 Bxd4 27. Nxb7 Rxb7 28.
Bxd4 Rxd4 29. Bc4+ Rxc4 30. Rd8+ Kg7 31. bxc4 N8d7 32. Re7+ Kf6 33. Rh7 Nc5 34.
Rxh6+ Ke5 35. Rxc6 Ne4 36. h6 Na4 37. Rd5# 1-0

[Event "Women's Speed Chess Q6"]
[Site "chess.com INT"]
[Date "2021.06.05"]
[Round "10"]
[White "Dauletova, Gulmira"]
[Black "Gaponenko, Inna"]
[Result "0-1"]
[WhiteTitle "WGM"]
[BlackTitle "IM"]
[WhiteElo "2257"]
[BlackElo "2357"]
[WhiteFideId "13702971"]
[BlackFideId "14101181"]
[EventDate "2021.06.05"]

1. e4 g6 2. d4 Bg7 3. Nc3 d6 4. Be3 a6 5. Qd2 b5 6. h4 Nf6 7. f3 h5 8. Nh3 Bxh3
9. Rxh3 Nbd7 10. a4 c6 11. Be2 b4 12. Nd1 a5 13. c3 Rb8 14. Nf2 Qc7 15. f4 e5
16. fxe5 dxe5 17. Rf3 Ng4 18. Bc4 Ndf6 19. Bg5 O-O 20. Bxf6 Nxf6 21. Kf1 bxc3
22. bxc3 exd4 23. Re1 dxc3 24. Qxc3 Ng4 25. Qc2 Nh2+ 26. Kg1 Nxf3+ 27. gxf3 Qg3+
28. Kf1 Qxf3 29. Kg1 Bd4 30. Rf1 c5 31. Bd5 Rb2 32. Qc4 Qg3+ 33. Kh1 Rxf2 34.
Rxf2 Qxf2 0-1

[Event "Women's Speed Chess Q6"]
[Site "chess.com INT"]
[Date "2021.06.05"]
[Round "10"]
[White "Morris-Suzuki, Sophie"]
[Black "Tania, Sachdev"]
[Result "1-0"]
[WhiteTitle "WFM"]
[BlackTitle "IM"]
[WhiteElo "2043"]
[BlackElo "2392"]
[WhiteFideId "30922615"]
[BlackFideId "5007844"]
[EventDate "2021.06.05"]

1. e4 c5 2. Nf3 e6 3. d4 cxd4 4. Nxd4 a6 5. Bd3 Nf6 6. O-O d6 7. Qe2 Be7 8. f4
b5 9. a4 b4 10. Be3 Bb7 11. Nd2 Nbd7 12. Kh1 h5 13. h3 h4 14. Bf2 Nh5 15. Be1
Bf6 16. e5 dxe5 17. Nxe6 Qb6 18. fxe5 Qxe6 19. exf6 Qxe2 20. Bxe2 Nhxf6 21. Nc4
Bd5 22. Nd6+ Kf8 23. Bxb4 Kg8 24. Nf5 Ne4 25. Ne7+ Kh7 26. Bd3 Bb7 27. Rae1 f5
28. Nxf5 Ndf6 29. Nd6 Kh6 30. Nxe4 Nh5 31. Bd2+ g5 32. Bxg5+ 1-0

[Event "Women's Speed Chess Q6"]
[Site "chess.com INT"]
[Date "2021.06.05"]
[Round "10"]
[White "Perez Rodriguez, Jennifer"]
[Black "Socko, Monika"]
[Result "1-0"]
[WhiteTitle "WIM"]
[BlackTitle "GM"]
[WhiteElo "2251"]
[BlackElo "2393"]
[WhiteFideId "3507831"]
[BlackFideId "1106619"]
[EventDate "2021.06.05"]

1. e4 e6 2. d4 d5 3. Bd3 dxe4 4. Bxe4 Nf6 5. Bf3 Nbd7 6. Ne2 e5 7. O-O e4 8. Ng3
exf3 9. Re1+ Be7 10. Nf5 O-O 11. Nxe7+ Kh8 12. Nxc8 Rxc8 13. Qxf3 c6 14. c3 Re8
15. Rd1 Qa5 16. Nd2 Qb5 17. Nf1 Nb6 18. b3 Qd5 19. Qd3 c5 20. c4 Qh5 21. d5 Nbd7
22. Bb2 Ng4 23. Qg3 f6 24. Re1 Nh6 25. Qd6 Ne5 26. Bxe5 fxe5 27. Re4 Ng4 28.
Rae1 Qf5 29. f3 Nf6 30. Rxe5 Rxe5 31. Qxe5 Qc2 32. Qe2 Qc3 33. Ng3 h6 34. Ne4
Qd4+ 35. Qf2 Nxe4 36. Qxd4 cxd4 37. fxe4 Re8 38. Kf2 g5 39. e5 Kg7 40. Kf3 Kg6
41. Ke4 d3 42. Kxd3 Kf5 43. Kd4 g4 44. g3 h5 45. Rf1+ Kg5 46. Rf7 h4 47. e6 hxg3
48. hxg3 b6 49. Ke5 a5 50. d6 1-0

[Event "Women's Speed Chess Q6"]
[Site "chess.com INT"]
[Date "2021.06.05"]
[Round "10"]
[White "Priyanka, K"]
[Black "Vine, Elzbieta"]
[Result "1-0"]
[WhiteTitle "WIM"]
[BlackTitle "WFM"]
[WhiteElo "2218"]
[BlackElo "2138"]
[WhiteFideId "5082986"]
[BlackFideId "1119320"]
[EventDate "2021.06.05"]

1. e4 c5 2. Nf3 Nc6 3. d4 cxd4 4. Nxd4 Nf6 5. Nc3 h5 6. Bc4 e5 7. Ndb5 d6 8. Bg5
a6 9. Na3 b5 10. Bd5 Bb7 11. Ne2 Qa5+ 12. c3 Nxd5 13. Qxd5 Rb8 14. Qd3 b4 15.
Nc4 Qb5 16. O-O f6 17. Be3 Kf7 18. Qd5+ Qxd5 19. exd5 Ne7 20. Nxd6+ Kg6 21. Nxb7
Rxb7 22. c4 Nf5 23. Ng3 Nxe3 24. fxe3 Bc5 25. Nf5 Kf7 26. Kf2 g6 27. Ng3 h4 28.
Ne4 Ba7 29. Nd6+ Ke7 30. Nxb7 1-0

[Event "Women's Speed Chess Q6"]
[Site "chess.com INT"]
[Date "2021.06.05"]
[Round "10"]
[White "Mammadova, Gulnar"]
[Black "Eswaran, Ashritha"]
[Result "1/2-1/2"]
[WhiteTitle "IM"]
[BlackTitle "WIM"]
[WhiteElo "2382"]
[BlackElo "2244"]
[WhiteFideId "13403508"]
[BlackFideId "2080788"]
[EventDate "2021.06.05"]

1. e4 c5 2. Nf3 a6 3. b3 Nc6 4. Bb2 d5 5. exd5 Qxd5 6. Nc3 Qd8 7. Bd3 Nf6 8. O-O
Bg4 9. h3 Bh5 10. Be2 e6 11. Ng5 Bxe2 12. Qxe2 Be7 13. Nge4 O-O 14. d3 Nd4 15.
Qd2 Qc7 16. Rab1 b5 17. Nxf6+ Bxf6 18. Ne4 Be7 19. b4 e5 20. bxc5 Bxc5 21. Bxd4
Bxd4 22. c3 Ba7 23. Kh1 f5 24. Ng5 Qe7 25. Nf3 Qf6 26. Qc2 Rae8 27. Qb3+ Kh8 28.
Rbe1 g5 29. Qd5 Bb8 30. Re3 g4 31. hxg4 fxg4 32. Nh2 Qh6 33. Rg3 e4 34. Re1 Bxg3
35. fxg3 e3 36. Qd4+ Qf6 37. Qxg4 Qf2 38. Re2 Qf5 39. Qd4+ Qe5 40. Qg4 Rf2 41.
Nf3 Qg7 42. Qh5 Rxe2 43. Qxe8+ Qg8 44. Qe5+ Qg7 45. Qe8+ Qg8 46. Qe5+ Qg7 47.
Qe8+ 1/2-1/2

[Event "Women's Speed Chess Q6"]
[Site "chess.com INT"]
[Date "2021.06.05"]
[Round "10"]
[White "Dong, Khanh Linh"]
[Black "Golubeva, Oksana"]
[Result "1-0"]
[WhiteTitle "WCM"]
[BlackTitle "WFM"]
[WhiteElo "1970"]
[BlackElo "2179"]
[WhiteFideId "12403040"]
[BlackFideId "4170164"]
[EventDate "2021.06.05"]

1. e4 e6 2. d4 d5 3. e5 c5 4. c3 Bd7 5. Nf3 Qb6 6. Be2 Nc6 7. O-O Rc8 8. dxc5
Bxc5 9. b4 Be7 10. a4 f6 11. Bf4 fxe5 12. Nxe5 Nxe5 13. Bxe5 Nf6 14. a5 Qd8 15.
Nd2 O-O 16. Bd3 Be8 17. f4 Nd7 18. Bd4 Bf6 19. Nf3 Rxc3 20. Bxc3 Bxc3 21. Bxh7+
Kxh7 22. Qd3+ Bg6 23. Qxc3 Rxf4 24. Qe3 Rf5 25. Qxe6 Nf8 26. Qe3 Rh5 27. Rad1
Qc7 28. g4 Rh6 29. Ng5+ Kg8 30. Rxf8+ Kxf8 31. Ne6+ Kg8 32. Nxc7 Be4 33. Nxd5
Bc2 34. Qe8+ Kh7 35. Ne7 Bb3 36. Rd8 1-0

[Event "Women's Speed Chess Q6"]
[Site "chess.com INT"]
[Date "2021.06.05"]
[Round "10"]
[White "Von Herman, Brigitte"]
[Black "Selkirk, Rebecca"]
[Result "1-0"]
[WhiteTitle "WFM"]
[BlackTitle "WCM"]
[WhiteElo "1991"]
[BlackElo "1799"]
[WhiteFideId "4628730"]
[BlackFideId "14306514"]
[EventDate "2021.06.05"]

1. e4 c6 2. d4 d5 3. exd5 cxd5 4. Bd3 Nc6 5. c3 Nf6 6. h3 g6 7. Nf3 Bg7 8. O-O
O-O 9. Re1 Bf5 10. Bf1 Qc7 11. Be3 Rfe8 12. Nbd2 Rad8 13. a4 e5 14. dxe5 Nxe5
15. Nxe5 Rxe5 16. Nf3 Ree8 17. Nd4 Bc8 18. Bg5 Rxe1 19. Qxe1 Re8 20. Qc1 a6 21.
Bf4 Qd8 22. Bg5 Qd6 23. Bf4 Qb6 24. Qc2 Ne4 25. Be3 Qd8 26. Rd1 Qh4 27. Nf3 Qe7
28. Rxd5 Bf5 29. Qd1 Bxc3 30. Rxf5 gxf5 31. bxc3 Nxc3 32. Qd4 Ne4 33. Bc1 Rd8
34. Qe3 Rd1 35. Bb2 Qb4 36. Be5 Qc4 37. Nd2 Nxd2 38. Qg5+ Kf8 39. Bd6+ Ke8 40.
Qe7# 1-0

[Event "Women's Speed Chess Q6"]
[Site "chess.com INT"]
[Date "2021.06.05"]
[Round "10"]
[White "Sviridova, Vlada"]
[Black "Kairbekova, Amina"]
[Result "0-1"]
[WhiteTitle "WFM"]
[BlackTitle "WFM"]
[WhiteElo "2144"]
[BlackElo "2132"]
[WhiteFideId "24109606"]
[BlackFideId "13712799"]
[EventDate "2021.06.05"]

1. d4 d5 2. c4 e6 3. Nf3 a6 4. Nc3 dxc4 5. a4 Nc6 6. e3 Na5 7. Ne5 Nf6 8. Nxc4
Nxc4 9. Bxc4 b6 10. Qf3 Rb8 11. O-O Bb7 12. Qh3 Bb4 13. Bd2 O-O 14. Rfd1 Rc8 15.
f3 c5 16. Be1 cxd4 17. Rxd4 Qe7 18. Bd3 Bc5 19. Rh4 Bxe3+ 20. Kh1 g6 21. Bg3 Bg5
22. Rd4 Rfd8 23. Rxd8+ Rxd8 24. Bf1 Bd2 25. Be5 Nd7 26. Bd4 e5 27. Bf2 Nc5 28.
Ne2 Nb3 29. Rd1 Bc6 30. Ng3 Bb4 31. Rxd8+ Qxd8 32. Qg4 a5 33. Nf5 Bd7 34. Bd3
Bxf5 35. Bxf5 Qd1+ 36. Bg1 Bc5 37. Bxg6 Qxg1# 0-1

[Event "Women's Speed Chess Q6"]
[Site "chess.com INT"]
[Date "2021.06.05"]
[Round "10"]
[White "Batsiashvili, Nino"]
[Black "Arabidze, Meri"]
[Result "0-1"]
[WhiteTitle "GM"]
[BlackTitle "IM"]
[WhiteElo "2491"]
[BlackElo "2432"]
[WhiteFideId "13602993"]
[BlackFideId "13604040"]
[EventDate "2021.06.05"]

1. d4 d5 2. Nf3 Nf6 3. g3 e6 4. Bg2 b5 5. O-O Be7 6. b3 O-O 7. c4 bxc4 8. bxc4
Ba6 9. cxd5 exd5 10. Nc3 Nbd7 11. Bf4 Nb6 12. Rc1 Bd6 13. Ne5 Re8 14. Bf3 h6 15.
h4 Ba3 16. Rb1 Bd6 17. Na4 Nc4 18. Nd3 Ne4 19. Nac5 Nxc5 20. dxc5 Bxf4 21. Nxf4
c6 22. Qd4 Ne5 23. Bg2 Bc4 24. a3 Qf6 25. Rfd1 Rab8 26. Rxb8 Rxb8 27. e4 Rb1 28.
Qd2 Rb2 29. Qe1 g5 30. hxg5 hxg5 31. Nh3 Nf3+ 32. Bxf3 Qxf3 33. Nxg5 Qg4 34. Rd2
Rb3 35. exd5 Qxg5 36. d6 Rb8 37. d7 Be6 38. Rd6 Rd8 39. Rxe6 fxe6 40. Qxe6+ Kg7
41. Qxc6 Qe7 0-1

[Event "Women's Speed Chess Q6"]
[Site "chess.com INT"]
[Date "2021.06.05"]
[Round "10"]
[White "Frayna, Janelle Mae"]
[Black "Nemcova, Katerina"]
[Result "1-0"]
[WhiteTitle "WGM"]
[BlackTitle "WGM"]
[WhiteElo "2179"]
[BlackElo "2331"]
[WhiteFideId "5212499"]
[BlackFideId "322750"]
[EventDate "2021.06.05"]

1. e4 c5 2. Nf3 g6 3. d4 cxd4 4. Qxd4 Nf6 5. Nc3 Nc6 6. Qa4 d6 7. e5 dxe5 8.
Nxe5 Bd7 9. Nxd7 Qxd7 10. Be3 Bg7 11. Rd1 Qc8 12. Be2 O-O 13. O-O h5 14. h3 a6
15. Qb3 Qc7 16. Na4 Rac8 17. Nb6 Rcd8 18. Bf3 Ne5 19. Be2 Rxd1 20. Rxd1 Rd8 21.
c3 Rxd1+ 22. Qxd1 Ne4 23. Nd5 Qd6 24. f4 Nc6 25. Bf3 Nc5 26. b4 Ne6 27. a4 g5
28. f5 Nf4 29. Nxf4 Qxd1+ 30. Bxd1 gxf4 31. Bd2 h4 32. Bf3 Kf8 33. Bxc6 bxc6 34.
Kf2 Ke8 35. Kf3 Bh6 36. Bxf4 Bg7 37. Bd2 Kd7 38. Ke4 Kd6 39. Bf4+ Kd7 40. Kd3
Bf6 41. c4 Kc8 42. c5 Kb7 43. Kc4 Bb2 44. Bg5 f6 45. Bxh4 1-0

[Event "Women's Speed Chess Q6"]
[Site "chess.com INT"]
[Date "2021.06.05"]
[Round "10"]
[White "Babiy, Olga"]
[Black "Pourkashiyan, Atousa"]
[Result "0-1"]
[WhiteTitle "WGM"]
[BlackTitle "WGM"]
[WhiteElo "2280"]
[BlackElo "2322"]
[WhiteFideId "14117258"]
[BlackFideId "12502014"]
[EventDate "2021.06.05"]

1. d4 Nf6 2. Nf3 d5 3. Bf4 e6 4. e3 Bd6 5. Nbd2 O-O 6. c3 c5 7. Bd3 Nc6 8. Bg3
Bxg3 9. hxg3 Qd6 10. Ne5 Nxe5 11. Bxh7+ Nxh7 12. Qh5 f6 13. dxe5 Qxe5 14. Qxh7+
Kf7 15. O-O-O Qf5 16. Qh4 Bd7 17. g4 Qg6 18. Qg3 e5 19. f3 Rad8 20. e4 d4 21.
Nc4 Be6 22. Na5 b6 23. Nb3 Rh8 24. Rh3 Qg5+ 25. Kb1 dxc3 26. Rdh1 Rxh3 27. Qxh3
cxb2 28. Qh5+ Qxh5 29. gxh5 Bxb3 30. axb3 Rd2 31. g4 Rf2 32. Rh3 a5 33. Rg3 b5
34. g5 fxg5 35. Rxg5 Kf6 36. Rf5+ Ke6 37. Rg5 c4 38. bxc4 bxc4 39. Rg6+ Kf7 40.
Rc6 a4 41. Rc7+ Kf6 42. Rxc4 a3 43. Rc6+ Kg5 44. Ka2 Rf1 45. Rg6+ Kxh5 0-1

[Event "Women's Speed Chess Q6"]
[Site "chess.com INT"]
[Date "2021.06.05"]
[Round "10"]
[White "Nguyen, Thi Mai Hung"]
[Black "Kubicka, Anna"]
[Result "0-1"]
[WhiteTitle "WGM"]
[BlackTitle "WIM"]
[WhiteElo "2254"]
[BlackElo "2210"]
[WhiteFideId "12401676"]
[BlackFideId "1152254"]
[EventDate "2021.06.05"]

1. d4 Nf6 2. Nf3 c5 3. d5 e6 4. c4 exd5 5. cxd5 d6 6. Nc3 g6 7. e4 Bg7 8. Bf4 a6
9. a4 O-O 10. Bd3 Bg4 11. h3 Bxf3 12. Qxf3 Qe7 13. O-O Nbd7 14. Qe2 Ne5 15. Bc2
Rfe8 16. Rfe1 c4 17. Bh2 Rac8 18. f4 Ned7 19. e5 dxe5 20. fxe5 Qc5+ 21. Kh1 Nxd5
22. Ne4 Qb4 23. Nd6 Qxd6 24. exd6 Rxe2 25. Rxe2 Bxb2 26. Rae1 Bf6 27. Re8+ Rxe8
28. Rxe8+ Kg7 29. Rc8 c3 30. Bb3 N5b6 31. Rc7 a5 32. Bf4 Bd4 33. g4 Kf6 34. Rxb7
Be5 35. g5+ Kf5 36. Bxe5 Kxe5 37. Rc7 Kd4 38. Bxf7 Nc5 39. d7 Nbxd7 40. Bb3 Nxb3
41. Rxd7+ Kc4 42. Rc7+ Nc5 43. Rf7 c2 44. Rf1 Nd3 45. h4 c1=Q 46. Rxc1+ Nxc1 47.
Kg2 Na2 48. Kf3 Nc3 49. Kf4 Kd4 50. Kg4 Ke4 51. h5 Nxa4 52. hxg6 hxg6 0-1

[Event "Women's Speed Chess Q6"]
[Site "chess.com INT"]
[Date "2021.06.05"]
[Round "10"]
[White "Singgih, Diajeng Theresa"]
[Black "Komiagina, Maria"]
[Result "0-1"]
[WhiteTitle "WFM"]
[BlackTitle "WIM"]
[WhiteElo "1972"]
[BlackElo "2241"]
[WhiteFideId "7104391"]
[BlackFideId "4153987"]
[EventDate "2021.06.05"]

1. e4 c5 2. Nf3 Nc6 3. c3 d5 4. exd5 Qxd5 5. d4 e6 6. Be2 Nf6 7. O-O Be7 8. c4
Qd8 9. dxc5 Qxd1 10. Rxd1 Bxc5 11. Nc3 O-O 12. a3 a5 13. Bg5 h6 14. Bxf6 gxf6
15. Ne4 Be7 16. c5 f5 17. Nd6 Bf6 18. Rab1 a4 19. Nd2 Ra5 20. Rdc1 Nd4 21. Bd3
Rd8 22. Rc4 Nc6 23. Nf3 Be7 24. Nxc8 Rxc8 25. Rbc1 Bf6 26. h4 Bxb2 27. Rb1 Bxa3
28. Rxb7 Rxc5 29. Rxa4 Rc1+ 30. Kh2 Bd6+ 31. g3 Rc3 32. Be2 Rc2 33. Bd1 Rxf2+
34. Kg1 Bc5 35. Kh1 Rf1+ 36. Kg2 Rxd1 37. Rc4 Nd4 38. Nxd4 Rxd4 39. Rc2 Rd5 40.
Rb5 Kg7 41. Kh3 Kf6 42. h5 Kg5 0-1

[Event "Women's Speed Chess Q6"]
[Site "chess.com INT"]
[Date "2021.06.05"]
[Round "10"]
[White "Belenkaya, Dina"]
[Black "Ambartsumova, Karina"]
[Result "1-0"]
[WhiteTitle "WGM"]
[BlackTitle "IM"]
[WhiteElo "2341"]
[BlackElo "2382"]
[WhiteFideId "24142654"]
[BlackFideId "4166299"]
[EventDate "2021.06.05"]

1. e4 c5 2. Nc3 Nc6 3. g3 e6 4. Bg2 Nf6 5. Nge2 d6 6. d3 Be7 7. O-O O-O 8. f4
Rb8 9. h3 Nd4 10. g4 b5 11. Ng3 b4 12. Nce2 Nd7 13. g5 e5 14. Nxd4 cxd4 15. Nf5
exf4 16. Bxf4 Ne5 17. Nxe7+ Qxe7 18. Qd2 Be6 19. Qf2 Rbc8 20. Rac1 Nc6 21. Qg3
Rfd8 22. h4 Bxa2 23. b3 Ne5 24. Qf2 Qc7 25. Qxd4 a5 26. Qb2 Qb6+ 27. Kh1 Ng4 28.
Qxa2 Rc3 29. Bf3 Ne3 30. Rfe1 Nf5 31. exf5 Qf2 32. Rf1 Qxh4+ 33. Bh2 Qxg5 34.
Qxa5 Re8 35. Qd5 Rc5 36. Rce1 Rf8 37. Qxd6 Rxf5 38. Qg3 Qf6 39. Bg2 h6 40. Rxf5
Qxf5 41. Rf1 Qc5 42. Be4 Qxc2 43. Rg1 Qc3 44. Qg4 Re8 45. Bd5 Qf6 46. Bc4 Rf8
47. Bg3 g6 48. Bh4 Kh7 49. Bxf6 1-0

[Event "Women's Speed Chess Q6"]
[Site "chess.com INT"]
[Date "2021.06.05"]
[Round "10"]
[White "Eswaran, Aksithi"]
[Black "Nanditha, V"]
[Result "1-0"]
[WhiteTitle "WCM"]
[BlackTitle "WCM"]
[WhiteElo "1745"]
[BlackElo "1666"]
[WhiteFideId "2083485"]
[BlackFideId "46626697"]
[EventDate "2021.06.05"]

1. e4 c6 2. d4 d5 3. exd5 cxd5 4. Bd3 Nf6 5. c3 Nc6 6. Bf4 Bg4 7. Qb3 Qd7 8. Nd2
e6 9. Ngf3 Na5 10. Qc2 Nc6 11. O-O Bd6 12. Ne5 Qc7 13. Rfe1 O-O-O 14. Bb5 Bf5
15. Qa4 Bxe5 16. Bxe5 Qb6 17. Bxc6 bxc6 18. Nb3 Nd7 19. Bd6 Qb7 20. Nc5 Nxc5 21.
Bxc5 a6 22. Qa5 h5 23. a4 Rh6 24. b4 Bd3 25. Bb6 Rg8 26. Red1 Bc4 27. Rdb1 Kd7
28. b5 cxb5 29. axb5 Bxb5 30. Rxb5 axb5 31. Qxb5+ Kc8 32. Qc5+ Kb8 33. Qd6+ Kc8
34. Ra7 Qxa7 35. Bxa7 e5 36. Qb8+ Kd7 37. Qxg8 Ra6 38. Qxf7+ Kc8 39. Qe8+ Kc7
40. Qe7+ Kc8 41. Qe8+ Kc7 42. Qxe5+ Kc8 43. h4 Rxa7 44. Kh2 Rf7 45. Qxh5 Rf6 46.
Qh8+ Kd7 47. Qxg7+ Ke6 48. Qxf6+ Kxf6 49. Kg3 Kf5 50. h5 Kg5 51. Kf3 Kxh5 52.
Kf4 Kh4 53. Ke5 Kg4 54. Kxd5 Kf4 55. c4 Kf5 56. c5 Kf4 57. c6 Kf5 58. c7 Kf4 59.
c8=Q Kg5 60. Qf8 Kg4 61. Ke5 Kg5 62. Qg8+ Kh5 63. Kf5 Kh6 64. Qg6# 1-0